| 000 | 00566nam a22001817a 4500 | ||
|---|---|---|---|
| 008 | 130821s1930 fr gr fre | ||
| 040 |
_aCo-BoUCM _bspa |
||
| 041 | 0 | 0 | _afre |
| 100 |
_aLouys; Pierre _d1870-1925 _9149783 |
||
| 245 | 0 | 0 |
_aSuite a poétique _cPierre Louys |
| 260 |
_aParís (Francia) _bEditions Montaignne _c1930 |
||
| 300 | _a82páginas | ||
| 500 | _aIncluye índice | ||
| 650 | 0 | 4 |
_aLiteratura francesa _97794 |
| 650 | 0 | 4 |
_aNovela francesa _920506 |
| 942 |
_cLIBRO _a18 _e1 _mL68S _n0 _2DEWEY _h841.8 |
||
| 999 |
_c86183 _d86183 |
||